| 000 | 00774cam a22002531a 4500 | ||
|---|---|---|---|
| 001 | 3700 | ||
| 003 | BD-RjUL | ||
| 005 | 20211208233755.0 | ||
| 008 | 131219s1946 enk 0 eng d | ||
| 035 | _a(BD-RjUL)3734 | ||
| 035 | _a(BD-RjUL) | ||
| 040 |
_aNUN _beng _cNUN _dNNCU:A |
||
| 041 | _aeng | ||
| 082 | 0 | 4 |
_a334.0947 _216 _bBAC 1946 |
| 100 | 1 |
_aBarou, N. _q(Noah), _d1889-1955. _911748 |
|
| 245 | 1 | 0 |
_aCo-operation in the Soviet Union : _ba study prepared for the Fabian Society./ _cN Barou |
| 260 |
_aLondon. : _bGollancz, _c1946. |
||
| 300 |
_a123 p. ; _c12 cm. |
||
| 526 | _bSociology | ||
| 650 | 0 |
_aCooperative societies _zSoviet Union. _911749 |
|
| 650 | 0 |
_aCollective farms _zSoviet Union. _911750 |
|
| 650 | 0 |
_aCooperation _zSoviet Union. _911751 |
|
| 942 |
_2ddc _cBK |
||
| 999 |
_c3700 _d3700 |
||